000 01474nam a2200313 4500
003 EC-UNACH
005 20251015110735.0
006 s||||gr|||| 00| 00
008 150116t9999 mx r gr 000 0 spa d
020 _a9972-45-091-0
040 _aEC-UNACH
_cEC-UNACH
041 _aspa
082 0 4 _223
_a621.313
_bL003240
110 _aUniversidad de Lima
245 _aMáquinas, instrumentos y procesos de manufactura
250 _aPrimera edición
264 _aLima
_bUniversidad de Lima
_c2000
300 _a325 páginas
_bTablas, Figuaras
505 _aPresentación -- Capítulo I. Hidrostática/hidrodinámica/problemas de aplicación y principios de funcionamiento de la prensa hidráulica -- Capítulo II. Instrumentos de medición, control y verificación -- Capítulo III. Teoría de banco / útiles de trabajo -- Capítulo IV. El torno -- Capítulo V. La fresadora -- Capítulo VI. Otras máquinas - herramientas / la limadora o cepillo de codo / la rectificadora / la taladradora / problemas de aplicación -- Capítulo VII. Aleaciones hierro - carbono -- Capítulo VIII. La soldadura -- Bibliografía -- Simbología.
650 _aMEDIDORES DE PRESIÓN
650 _aPIEDRA MÁRMOL
650 _aPRODUCCIÓN DE HIERRO
650 _aSALDADURA A PRESIÓN
700 _aGoñi, Juan Carlos
942 _c1
_2ddc
999 _c14008